000 01846cam a2200373 i 4500
001 nkc20183061358
003 CZ PrSKC
005 20260507091917.0
007 ta
008 181207s2018 xr e 000 f cze d
020 _a9788024383026
040 _aTUG001
_bcze
_dOLA001
_dABA001
_erda
041 1 _acze
_heng
072 7 _a821.111(73)-3
_xAmerická próza
_2Konspekt
080 _a821.111(73)-31
_2MRF
080 _a(0:82-312.4)
_2MRF
100 1 _aCastillo, Linda,
_d1960-
_4aut
_99516
240 1 0 _aDead will tell.
_lČesky
245 1 0 _aMrtví promlouvají /
_cLinda Castillo ; překlad Lenka Faltejsková
250 _aVydání první
264 1 _aBrno :
_bMOBA,
_c2018
300 _a312 stran ;
_c21 cm
500 _aPřeloženo z angličtiny
520 2 _aŠestý díl z volné řady krimithrillerů, zasazených do amišské komunity, s hrdinkou Kate Burkholderovou. Kate zjistí, že údajná sebevražda na staré farmě může být ve skutečnosti rafinovanou vraždou.
_bVyšetřování nejnovějšího zločinu má v okolí dosti záhadnou příchuť. O farmě Hochstetlerových, kde je nalezeno mrtvé tělo starého muže, se říká, že je prokletá. Kate nehodlá přijmout předpoklad, že se jedná o sebevraždu a hodlá podivnou smrt vyšetřit. Záhy zjistí, že se nemýlila, neboť se objeví další podobný případ. Kate se tak ve vyšetřování ponoří hluboko do minulosti, kdy na farmě před více než třiceti lety zahynul amišský otec se čtyřmi dětmi a matka beze stopy zmizela.
655 7 _aamerické romány
655 7 _adetektivní romány
655 7 _athrillery (romány)
_920
655 9 _aAmerican fiction
655 9 _adetective novels
655 9 _athrillers (novels)
_9125
700 1 _aFaltejsková, Lenka,
_d1974-
_4trl
_95586
910 _aABG508
999 _c34260
_d34260